Актуальные проблемы языковой подготовки в неспециальных вузах (Запись № 10971813)

Подробности
000 -МАРКЕР
контрольное поле 02559nam0a2200397 4500
001 - ИДЕНТИФИКАТОР ЗАПИСИ
контрольное поле RU\NLR\BIBL_A\012228392
005 - ИДЕНТИФИКАТОР ВЕРСИИ
контрольное поле 20200324154800.0
021 ## - НОМЕР ГОСУДАРСТВЕННОЙ РЕГИСТРАЦИИ
Код страны Российская Федерация
Номер ЖЛ-П-20-005202
Номер Листа государственной регистраци ЖЛ-П-20-0300
035 ## - ДРУГИЕ СИСТЕМНЫЕ НОМЕРА
Идентификатор записи (NLR Aleph) 012228392
100 ## - ДАННЫЕ ОБЩЕЙ ОБРАБОТКИ
Данные общей обработки 20200225d2019 k y0rusy50 ca
101 0# - ЯЗЫК РЕСУРСА
Язык текста, звукозаписи и т.д. русский
-- французский
Язык резюме английский
102 ## - СТРАНА ПУБЛИКАЦИИ ИЛИ ПРОИЗВОДСТВА
Страна публикации Российская Федерация
105 ## - ПОЛЕ КОДИРОВАННЫХ ДАННЫХ: ТЕКСТОВЫЕ МАТЕРИАЛЫ, МОНОГРАФИЧЕСКИЕ
Кодированные данные о монографическом текстовом документе a z 100zy
181 #0 - ПОЛЕ КОДИРОВАННЫХ ДАННЫХ: ВИД СОДЕРЖАНИЯ
Код вида содержания (ISBD) i
Код характеристики содержания (ISBD) axxe
182 #0 - ПОЛЕ КОДИРОВАННЫХ ДАННЫХ: ТИП СРЕДСТВА
Код типа средства (ISBD) n - непосредственное
200 1# - ЗАГЛАВИЕ И СВЕДЕНИЯ ОБ ОТВЕТСТВЕННОСТИ
Основное заглавие Актуальные проблемы языковой подготовки в неспециальных вузах
Сведения, относящиеся к заглавию материалы VIII Международной научно-практической конференции (21 ноября 2019 г.)
Первые сведения об ответственности Министерство науки и высшего образования РФ, ФГБОУ ВО "Воронежский государственный университет инженерных технологий"
Последующие сведения об ответственности [редакционная коллегия: ...Е. А. Чигирин (отв. редактор) и др.]
203 ## - ВИД СОДЕРЖАНИЯ И ТИП СРЕДСТВА
Вид содержания Текст
Дополнительные сведения об издании визуальный
Тип средства непосредственный
210 ## - ПУБЛИКАЦИЯ, РАСПРОСТРАНЕНИЕ И ДР.
Место издания, распространения и т.д. Воронеж
Имя издателя, распространителя и т. д. Научная книга
Дата издания, распространения и т.д. 2019
215 ## - ФИЗИЧЕСКАЯ ХАРАКТЕРИСТИКА
Специфическое обозначение материала и объем 285 с.
Другие сведения о физической характеристике ил., табл.
Размеры 21
225 1# - СЕРИЯ
Основное заглавие серии Современные проблемы гуманитарных и общественных наук
Обозначение тома вып. 5 (27)
300 ## - ОБЩИЕ ПРИМЕЧАНИЯ
Текст примечания На тит. л. и обл.: ISSN 2077-7167
300 ## - ОБЩИЕ ПРИМЕЧАНИЯ
Текст примечания Текст рус., фр.
300 ## - ОБЩИЕ ПРИМЕЧАНИЯ
Текст примечания Рез. англ.
320 ## - ПРИМЕЧАНИЯ О НАЛИЧИИ В ДОКУМЕНТЕ БИБЛИОГРАФИИ / УКАЗАТЕЛЯ
Текст примечания Библиогр. в конце ст.
606 1# - НАИМЕНОВАНИЕ ТЕМЫ КАК ПРЕДМЕТ
Наименование темы Иностранные языки
Формальный подзаголовок Съезды, совещания и т.п.
Тематический подзаголовок Преподавание
-- Высшая школа
Системный номер авторитетной/нормативной записи 2144180
Идентификатор авторитетной/нормативной записи RU\NLR\AUTH\661291992
686 1# - ИНДЕКСЫ ДРУГИХ КЛАССИФИКАЦИЙ
Индекс Ч486.17(2Р)я431
702 #1 - ИМЯ ЛИЦА - ВТОРИЧНАЯ ОТВЕТСТВЕННОСТЬ
Графика поля Кириллица
Материалы, к которым относится поле rus
Начальный элемент ввода Чигирин
Часть имени, кроме начального элемента ввода Е. А.
Расширение инициалов личного имени Евгений Анатольевич
Системный номер авторитетной/нормативной записи 51918
Идентификатор авторитетной/нормативной записи RU\NLR\AUTH\7768990
711 12 - НАИМЕНОВАНИЕ ОРГАНИЗАЦИИ - АЛЬТЕРНАТИВНАЯ ОТВЕТСТВЕННОСТЬ
Начальный элемент ввода "Актуальные проблемы языковой подготовки в неспециальных вузах", международная научно-практическая конференция
Порядковый номер временной организации и / или порядковый номер ее части 8
Место проведения временной организации Воронеж
Дата проведения временной организации 2019
Системный номер авторитетной/нормативной записи 698896
Идентификатор авторитетной/нормативной записи RU\NLR\AUTH\880519047
712 02 - НАИМЕНОВАНИЕ ОРГАНИЗАЦИИ - ВТОРИЧНАЯ ОТВЕТСТВЕННОСТЬ
Код отношения Прочие
Начальный элемент ввода Воронежский государственный университет инженерных технологий
Системный номер авторитетной/нормативной записи 344131
Идентификатор авторитетной/нормативной записи RU\NLR\AUTH\8810229627
942 ## - ДОПОЛНИТЕЛЬНЫЕ ЭЛЕМЕНТЫ ЗАПИСИ (АБИС)
Тип экземпляра АБИС Книга
980 ## - КОЛЛЕКЦИЯ
Название коллекции НБР
980 ## - КОЛЛЕКЦИЯ
Название коллекции Национальная библиография

Нет доступных экземпляров.